000 00930nam a22002295i 4500
001 164964
003 ES-MaACL
005 20250815062648.0
008 960508q18901898sp |||| | spa d
040 _aCLM
_bspa
_cCLM
100 1 _aSchopenhauer, Arthur,
_d1788-1860
_9240710
245 1 0 _aEstudios de historia filosófica /
_cpor Arturo Schopenhauer ; traducción ... de la 7ª ed. alemana de Edmundo González-Blanco.
260 _aMadrid :
_bLa España Moderna,
_c[s.a] (
_fEstablecimiento Tipográfico de Idamor Moreno)
300 _a268 p. ;
_c22 cm.
490 1 _aBiblioteca de jurisprudencia, filosof[a e historia
596 _aIdamor Moreno ejerce entre 1890 y 1898.
650 4 _aFilosofía-
_vHistoria.
_9158248
700 1 _aGonzález-Blanco, Edmundo.
_958462
830 0 0 _aBiblioteca de jurisprudencia, filosofía e historia
_9180691
852 _aES-MaACL
_jF-14827
_z-- Enc. hol.
999 _c164964
_d164964